000 00273nam a2200109Ia 4500
008 190216s9999||||xx |||||||||||||| ||und||
100 _aSundaram K P M
245 0 _aMoney Banking And International Trade
260 _bSulthan Chand&Sons
_c1985
300 _a772p
942 _cBK
999 _c9749
_d9749